| 000 | 00587ntaaa2200205 4500 | ||
|---|---|---|---|
| 003 | 01 | ||
| 005 | 20251027202307.0 | ||
| 008 | 0714s1973 ag 01 | ||
| 040 |
_aAR-BaBN _bspa _cAR-BaBN _eaacr _dRIC |
||
| 082 | _a277.3000 M71 | ||
| 100 |
_aMoberg, David O _913935 |
||
| 245 | _aThe church as a social institution | ||
| 250 | _a1 ed. | ||
| 260 |
_aEnglewood Cliffs, : _bPrentice-Hall, _cc1962 |
||
| 300 | _a569 p | ||
| 500 | _aLa sociología de la religión en los Estados Unidos | ||
| 650 |
_aEstadosUnidos-religión en los _921480 |
||
| 650 |
_ateología social _92067 |
||
| 942 | _cBK | ||
| 999 |
_c17727 _d17727 |
||